| 000 | 00552nam a2200229Ia 4500 | ||
|---|---|---|---|
| 005 | 20250425162044.0 | ||
| 008 | 250425s9999 xx 000 0 und d | ||
| 041 | _aspa | ||
| 082 | _a530 | ||
| 100 | _aHALLIDAY, DAVID | ||
| 245 | 0 | _aPHYSICS: FOR STUDENTS OF SCIENCE AND ENGINEERING | |
| 250 | _a2A ED. | ||
| 260 |
_aEstados Unidos _bWILEY _c1963 |
||
| 260 | _aNEW YORK | ||
| 300 | _a1122 | ||
| 650 | _aCONSERVACION DE LA ENERGIA | ||
| 650 | _aDINAMICA | ||
| 650 | _aTEMPERATURA | ||
| 650 | _aVECTORES | ||
| 942 | _c01 | ||
| 010 | _a44775 | ||
| 999 |
_c221439 _d221439 |
||